[Event "Radulescu Memorial"]
[Site "Calimanesti"]
[Date "1999.??.??"]
[Round "12"]
[White "Ardeleanu, Alin"]
[Black "Nanu, Ciprian Costica"]
[Result "1-0"]
[WhiteElo "2420"]
[BlackElo "2420"]
[Annotator "Smirin,I"]
[PlyCount "160"]
[EventDate "1999.02.??"]
[EventType "tourn"]
[EventRounds "13"]
[EventCountry "ROU"]
[EventCategory "8"]
[SourceTitle "CBM 070"]
[Source "ChessBase"]
[SourceDate "1999.06.08"]
[SourceVersion "1"]
[SourceVersionDate "1999.06.08"]
[SourceQuality "1"]

1. e4 c5 2. Nf3 Nc6 3. Bb5 e6 4. Bxc6 bxc6 5. d3 d6 $6 {In this pawn structure
black should be very carefully with pushing "d"pawn on one or two squares-the
pawn on"c5"becomes defenseless.} (5... f6 $5 6. Nc3 d6 7. O-O e5 8. Nh4 Be6 9.
Ne2 {[%cal Gf2f4]} g5 $5 10. Nf5 Bxf5 11. exf5 h5 $5 {[%csl Rf5][%cal Gg8e7,
Gd8d7]} 12. f4 $6 (12. Nc3 Ne7 13. Qf3 Qd7 14. Ne4 Bg7 $15 {[%csl Rf5][%cal
Ga8d8,Gg5g4]}) 12... gxf4 13. Bxf4 exf4 14. Nxf4 Qd7 15. Qf3 O-O-O $19 {
0-1 Kofidis,A-Miladinovic,I/Heraklio op 1993 (31)}) (5... Be7 6. O-O Qc7 7. Qe2
e5 8. Na3 d6 9. Nc4 f5 10. exf5 Bxf5 11. Nh4 $5 Bxh4 12. Qh5+ Bg6 13. Qxh4 Ne7
14. f4 O-O $132 {1/2-1/2 Yandemirov,V-Smirnov,P/RUS-Cup5 1997 (21)}) (5... Ne7
6. h4 $5 {Oratovsky,M} h5 7. Qe2 d5 8. c4 Ng6 {[%cal Ge6e5]} 9. e5 Be7 10. Nc3
(10. g3 f6 11. Nc3 fxe5 12. Nxe5 Nxe5 13. Qxe5 Bf6 14. Qe2 e5 $132 {[%cal
Gc8g4]}) 10... Bxh4 11. Nxh4 (11. Bd2 $5 {[%csl Rc5][%cal Ge1c1,Gb2b3,Yc3a4]})
11... Nxh4 12. g3 Nf5 13. Rxh5 Kd7 14. Na4 $2 (14. Kf1 $5 $14 {[%csl Rc5,Rc8]})
(14. Qf3 $5 {preventing Nd4}) 14... Nd4 $1 15. Nxc5+ Kc7 $15 {Oratovsky,
M-Greenfeld,A Israel 1999} 16. Rxh8 Qxh8 17. Qd1 Qh1+ 18. Kd2 Qg2 $1 $40 {
[%csl Rf2]}) 6. e5 (6. O-O $143 $6 e5 7. h3 Be7 8. c3 Nf6 9. Re1 O-O 10. d4
exd4 11. cxd4 d5 $1 12. Nc3 dxe4 13. Nxe4 Nxe4 14. Rxe4 Bf6 15. Be3 Be6 $15 {
^^ 1/2-1/2 Yermolinsky,A-Sveshnikov,E/URS-FL 1986 (24)}) 6... dxe5 (6... d5 $6
7. c4 $1 $16 {[%csl Rc5]} Ne7 8. O-O Ng6 9. Nc3 Be7 10. Na4 O-O 11. b3 f6 12.
Bb2 d4 13. Ba3 fxe5 14. Qe2 (14. Nd2 $16 {[%csl Rc5][%cal Gd2e4]}) 14... Rf5
15. g3 e4 16. dxe4 Rf6 17. e5 Rf5 18. Kg2 Qc7 19. Bxc5 $16 {1-0 Rogers,I-Kuijf,
M/Groningen 1989 (30)}) 7. Nxe5 $14 Qd5 8. Nf3 c4 $8 9. Nc3 Bb4 10. Bd2 Bxc3
11. Bxc3 Nf6 12. dxc4 Qxc4 13. Qd4 ({Deserved attention attempt to keep the
queens on the board after} 13. Nd2 Qd5 14. O-O O-O 15. Re1 {[%cal Ge1e5,Gc3f6,
Yd2e4]}) 13... Qxd4 14. Bxd4 Nd7 15. Bxg7 (15. O-O-O $5 f6 16. Rhe1 e5 17. Be3
$13 {[%cal Gd1d6]}) 15... Rg8 16. Be5 Nxe5 (16... Rxg2 $2 17. Bg3 $18 {[%cal
Gf3h4]}) 17. Nxe5 Rxg2 18. O-O-O c5 $6 {Loosing a pawn by forse.Better was} (
18... f6 $5 19. Nd3 (19. Nxc6 $6 Bd7 20. Nd4 Rxf2 21. Rhg1 Rc8 $15) 19... Rb8
20. Rdg1 Rg6 21. h4 Rb5 $11) 19. Rhg1 $14 Rxg1 20. Rxg1 Kf8 (20... Ke7 21. f4 {
[%cal Gg1g7,Rg7f7,Rg7h7]} Kf6 22. Rg5 $16 {[%csl Rc5][%cal Rg5c5,Ge5g4]}) 21.
Rg4 {[%csl Rc5][%cal Gg4c4,Ge5d3]} f6 22. Nd3 e5 23. Rc4 $16 Ke7 24. Rxc5 Kd6
25. Ra5 h5 26. h4 a6 27. Kd2 Ra7 28. f4 $1 $18 {[%csl Rh5][%cal Ga5h5]
Breaking blacks center and hopes for the draw!} e4 29. Nf2 {[%csl Ge3][%cal
Gf2d1,Gd1e3]} f5 30. Nd1 Kc6 31. Ne3 Kb6 32. Re5 Rg7 ({Passive defense doesn't
help:} 32... Rf7 33. b4 $18 {[%cal Ga2a4,Ga4a5,Gc2c4,Yd2c3,Yc3d4]}) 33. Nxf5
Rg2+ 34. Kc3 Rh2 35. b4 e3 ({Nothing changes} 35... Bxf5 36. Rxf5 Rxh4 37. Kd4
Rh2 38. c4 Rxa2 39. Rxh5 Rb2 40. b5 $1 {[%csl Re4][%cal Gh5h6]} axb5 41. Rxb5+
$18) 36. Nxe3 Rxh4 37. Nd5+ Ka7 38. f5 Rh3+ 39. Kd4 Rf3 40. f6 h4 (40... Bg4
41. Re7+ Kb8 42. f7 $18 {[%cal Ge7e8]}) 41. Re7+ Kb8 42. Rh7 h3 43. f7 {
[%csl Gf7][%cal Gd4e5,Yd5f4,Yd5f6]} h2 $8 44. Rxh2 Rxf7 45. c4 {Rest of the
game is easy job for white} Bb7 46. Rh8+ Ka7 47. Re8 Rf2 48. a4 Ra2 49. a5 Rh2
50. Kc5 Rh6 51. Rf8 Rc6+ 52. Kd4 Rh6 53. Rd8 Rg6 54. Ne7 Rg4+ 55. Kc5 Rg5+ 56.
Kd6 Rg4 57. c5 Rd4+ 58. Kc7 Rxb4 59. c6 $6 {missing simple} (59. Rb8 {[%cal
Ge7c8,Ge7c6]} Rb5 60. c6 Rb1 61. Nd5 $1 (61. Rxb7+ $6 Rxb7+ 62. cxb7 $11) 61...
Bxc6 62. Nb6 $1 {[%cal Rb6c8,Rb8a8,Rb8b7]} Rxb6 63. axb6#) 59... Rc4 60. Rb8
Rxc6+ 61. Nxc6+ Bxc6 62. Rb6 Bf3 63. Rf6 Be4 64. Rf7 {The winning plan in this
position is very easy:1)To drive black king far away as possible from "a"pawn
2)To take on a6.} Bd5 65. Re7 Bg2 66. Kd6+ Kb8 67. Kc5 Kc8 68. Kb6 Bf1 69. Rc7+
Kd8 70. Rc1 Be2 71. Rc2 Bf1 72. Kb7 Bb5 73. Rc5 Bf1 74. Rd5+ Ke7 75. Kc7 Ke6
76. Rd6+ Ke5 77. Kc6 Bc4 78. Kc5 Bb5 79. Rb6 Bd3 80. Rb3 Ke4 1-0

[Event "FRA-ch"]
[Site "Meribel"]
[Date "1998.08.20"]
[Round "7"]
[White "Fressinet, Laurent"]
[Black "Kouatly, Bachar"]
[Result "1-0"]
[WhiteElo "2455"]
[BlackElo "2495"]
[Annotator "Smirin,I"]
[PlyCount "77"]
[EventDate "1998.08.14"]
[EventType "tourn"]
[EventRounds "15"]
[EventCountry "FRA"]
[EventCategory "10"]
[SourceTitle "CBM 067"]
[Source "ChessBase"]
[SourceDate "1998.11.30"]
[SourceVersion "2"]
[SourceVersionDate "1998.11.01"]
[SourceQuality "1"]

1. e4 c5 2. Nf3 Nc6 3. Bb5 e6 4. O-O Nge7 5. Nc3 Ng6 6. d4 cxd4 7. Nxd4 Qc7 $5
$146 (7... Be7 8. Be3 O-O (8... Qc7 9. Kh1 a6 10. Bd3 b5 11. Nxc6 Qxc6 12. f4
Bb7 13. f5 Ne5 14. Qh5 Bf6 15. Bg5 $14 {Yudasin,L-Milov,V/Haifa 1995/1-0 (79)})
9. f4 a6 10. Bxc6 bxc6 11. Qh5 c5 12. Nb3 f5 13. Nxc5 Qc7 14. Nb3 fxe4 15. f5
Qe5 $13 {1-0 Tal,M-Ornstein,A/Tallinn 1977 (37)}) (7... a6 8. Be2 Qc7 9. Kh1
Nf4 10. Be3 Be7 11. Qd2 (11. Bf3 $5 $14 {[%cal Gg2g3]}) 11... Nxe2 12. Qxe2 b5
13. Rad1 Bb7 $15 {^^} 14. a3 {1/2-1/2 Mainka,R-Kochyev,A/Dortmund-C 1991}) 8.
Be3 Bd6 9. g3 $5 {[%csl Rg6]} a6 10. Be2 {[%cal Rd4b5]} Be7 (10... Bb4 11. Na4
$14 {[%cal Gc2c4]}) 11. f4 O-O 12. a4 Na5 ({Better was} 12... d6 13. h4 Bf6 {
preparing for the knight more comfortable square then h8.} 14. h5 Nge7 $132)
13. h4 $1 $16 {[%csl Rg6][%cal Gh4h5] Now the initiative is in the whites
hands!} h6 (13... Nc4 $6 14. Bxc4 Qxc4 15. h5 Nh8 16. h6 gxh6 17. Qh5 $40) 14.
h5 Nh8 15. Qd3 b6 16. Rab1 Bb7 17. b4 Nc6 18. Nxc6 Bxc6 19. Rfd1 Rfd8 20. Qd4
f5 $2 {losing immideatly.After} (20... Rdb8 $8 {[%cal Gf7f6,Yh8f7] black still
has enough defensive resourses.} 21. e5 f6 $14) 21. exf5 ({Doesn't works} 21.
Nd5 exd5 22. exd5 Bxa4 23. d6 Bxd6 24. Qxd6 Qxd6 25. Rxd6 Nf7 26. Rd2 b5 $132)
21... Bb7 (21... exf5 22. Qc4+ Nf7 23. b5 $18) 22. fxe6 $18 d5 ({Nothing
changes} 22... dxe6 23. Qc4 Rxd1+ 24. Rxd1 Qxc4 25. Bxc4 Bxb4 26. Bxe6+ Kf8 27.
Nd5 $18 {[%csl Rh8]}) 23. Rb3 Rd6 24. Bf3 ({More accurate was} 24. f5 $5 Bf6 (
24... Rxe6 25. Bf4 (25. fxe6 Qxg3+ 26. Kf1 Rf8+ 27. Bf2 Bh4 28. Ne4 Qh2 {
[%cal Rh2h1]} 29. Ng3 Bxg3 30. Rxg3 Qxg3 31. Ke1 $16) 25... Rd6 26. Nxd5 Bxd5
27. Bxd6 $18) 25. Qd3 {[%cal Ge3f4]} Rdd8 26. Bf4 $18) 24... Bf6 25. Qd3 d4 26.
Ne4 (26. Bxb7 Qxb7 27. Ne4 Rxe6 28. Nxf6+ Rxf6 29. Bxd4 $18) 26... Bxe4 27.
Qxe4 Re8 28. Bf2 Rdxe6 29. Qd3 Nf7 30. Rbb1 Kh8 31. Re1 Rxe1+ 32. Rxe1 {
Pair of the strong bishops and an extra pawn makes whites position completly
winning.} Rd8 33. Re2 (33. Qg6 $5 {[%cal Gf3e4,Gf3d5]}) 33... Nd6 34. Kg2 {
[%cal Gd3a6]} b5 35. axb5 axb5 36. Qg6 Qc4 37. g4 {[%cal Gg4g5]} d3 38. cxd3
Qxf4 39. Bg3 1-0

[Event "EU-Cup 14th final"]
[Site "Belgrade"]
[Date "1999.01.13"]
[Round "3"]
[White "Svidler, Peter"]
[Black "Krasenkow, Michal"]
[Result "1/2-1/2"]
[WhiteElo "2713"]
[BlackElo "2643"]
[Annotator "Smirin,I"]
[PlyCount "60"]
[EventDate "1999.01.11"]
[EventType "team-k.o."]
[EventRounds "3"]
[EventCountry "YUG"]
[SourceTitle "EXT 2020"]
[Source "ChessBase"]
[SourceDate "2019.10.17"]
[SourceVersion "1"]
[SourceVersionDate "2019.10.17"]
[SourceQuality "1"]
[WhiteTeam "St Petersburg"]
[BlackTeam "Gorzow Stilon Welkopolski"]
[WhiteTeamCountry "RUS"]
[BlackTeamCountry "POL"]

1. e4 c5 2. Nf3 e6 3. Nc3 Nc6 4. Bb5 Nd4 5. O-O a6 6. Bd3 Ne7 7. Nxd4 cxd4 8.
Ne2 d5 9. exd5 Nxd5 (9... Qxd5 10. c3 Nc6 11. Qc2 f5 (11... Bd6 $5 12. b3 Qh5
13. Ng3 Qh4 14. Re1 O-O 15. Bb2 Bd7 16. Bf1 Rac8 $132 {1/2-1/2 Brodsky,
M-Markowski,T/Katowice op 1993 (46)}) 12. cxd4 $5 b5 13. Re1 Nb4 14. Qc3 Nxd3
15. Qxd3 Bc5 16. b3 O-O 17. Bb2 Bb6 18. Qg3 {+= 1-0 Svidler,P-Zyla,J/
Groningen op 1993 (25)}) 10. c3 (10. Nxd4 $6 Nf4 {=+}) 10... dxc3 11. dxc3 Bd6
12. Nd4 Qc7 13. h3 ({Deserved attention} 13. Qh5 $5 {But after simple} Nf4 (
13... Nxc3 $5 14. Re1 (14. bxc3 Qxc3 15. Bb5+ Kf8 16. Be3 axb5 17. Nxb5 Qe5 {~}
) 14... g6 15. Qh4 Nd5 16. Bh6 {~=}) (13... Nf6 14. Qh4 {+=}) 14. Bxf4 Bxf4 15.
Rfe1 g6 16. Qh4 O-O {= black is O.K}) 13... Bd7 14. Qf3 Nf4 15. Be4 Ng6 16. Be3
(16. Bxb7 $2 Ne5 17. Qe4 f5 18. Qxe5 Bxe5 19. Bxa8 O-O 20. Bf3 Bxd4 21. cxd4
Bc6 {-/+}) 16... Ne5 17. Qe2 O-O-O $5 $132 18. Rfd1 Kb8 19. a4 Nc4 20. Bc1 e5
21. Nf5 Bxf5 22. Bxf5 e4 $1 $36 {in arising complications white has to play
very carefuly for not to find himself in the trouble.} 23. Kh1 (23. Rd4 $5 Na5
(23... Bh2+ 24. Kh1 Rxd4 25. cxd4 Re8 26. Bxh7 g6 27. Bg5 {~}) 24. Rxe4 g6 {-/+
}) ({After} 23. Bxe4 $2 Rhe8 {whites position looks undeefensible}) 23... Rhe8
24. Bg5 f6 25. Bh4 g5 26. Rd4 $8 Qc5 $1 ({Doesn't work} 26... Na5 27. Rxd6 $1
Rxd6 28. Bg3 {+=}) (26... Nxb2 $6 27. Qxb2 gxh4 28. Bxe4 $40) 27. Qxc4 (27.
Bxe4 gxh4 28. Qxc4 Qe5 29. Rxd6 $8 Rxd6 {=+}) 27... gxh4 28. Qxc5 Bxc5 29.
Rxd8+ Rxd8 30. Bxh7 Bxf2 {=} 1/2-1/2

[Event "RUS-Cup07"]
[Site "Tomsk"]
[Date "1998.07.17"]
[Round "3"]
[White "Yandemirov, Valeri"]
[Black "Mukhaev, Aleksander"]
[Result "1-0"]
[WhiteElo "2545"]
[BlackElo "2315"]
[Annotator "Smirin,I"]
[PlyCount "57"]
[EventDate "1998.07.15"]
[EventType "swiss"]
[EventRounds "9"]
[EventCountry "RUS"]
[SourceTitle "CBM 067"]
[Source "ChessBase"]
[SourceDate "1998.11.30"]
[SourceVersion "2"]
[SourceVersionDate "1998.11.01"]
[SourceQuality "1"]

1. e4 c5 2. Nf3 Nc6 3. Bb5 e6 4. Bxc6 bxc6 5. d3 Be7 $5 {More popular is 5...
Ne7 with idea to transform knight to g6 and than to play e5 and d6.} 6. O-O Qc7
{[%cal Ge6e5]} 7. e5 ({After} 7. Qe2 {black gets a comfortable position} e5 $1
8. Na3 d6 9. Nc4 f5 (9... Nf6 $5) 10. exf5 Bxf5 11. Nh4 Bxh4 12. Qh5+ Bg6 13.
Qxh4 Ne7 $13 {1/2-1/2 Yandemirov,V-Smirnov,P/RUS-Cup5 1997 (21)}) 7... f6 8.
Bf4 Qd8 (8... Qb6 9. b3 $14 {[%cal Gb1d2,Gd2c4]}) 9. Nbd2 fxe5 10. Nxe5 Nf6 11.
Ne4 $5 ({Nothing promises} 11. Ndc4 O-O 12. Bd2 Qe8 13. f4 d6 14. Nf3 Nd5 15.
Ng5 Nb6 $11 16. b3 {1/2-1/2 Yandemirov,V-Filipenko,A/Lvov 1995}) 11... O-O 12.
Nxf6+ Rxf6 {After this move black loses the only compensation for double
pawns-advantage of the bishops pair.} (12... gxf6 $4 13. Qg4+ Kh8 14. Bh6 Rg8
15. Nf7#) ({Better was} 12... Bxf6 $5 13. Bg3 (13. Nc4 $2 Bxb2 $17) 13... d6
14. Nc4 e5 15. f4 e4 $1 $15 16. dxe4 Ba6 $17) 13. Bg5 $1 Rf5 14. Bxe7 Qxe7 15.
f4 $14 Rb8 16. b3 Bb7 17. Qd2 Rbf8 18. Rae1 d6 19. Nc4 Bc8 ({Deserved
attention attempt to change the bishop} 19... Ba6 20. Ne3 (20. Qe3 Bxc4 21.
bxc4 e5 22. Qe4 Qe8 $11) 20... R5f6 21. g3 $14) 20. Qe3 Qc7 21. Nd2 Re8 22. Ne4
Rff8 23. Qg3 {[%csl Rd6][%cal Gf4f5]} e5 $2 {losing immideatly. After correct}
(23... Rf5 24. Qh4 h6 25. g4 Rf7 26. Qg3 $14 {[%cal Gh2h4,Gh4h5] white stands
only slightly better.}) 24. fxe5 Rxf1+ 25. Rxf1 Rxe5 26. Nf6+ Kh8 {[%tqu "En",
"","","","f6d7","",10]} 27. Nd7 $1 $18 Re8 28. Rf7 Rg8 29. Ne5 {[%cal Ge5g6,
Gf7d7,Re5f7]} 1-0

[Event "Swidnica"]
[Site "Swidnica"]
[Date "1999.03.31"]
[Round "8"]
[White "Jaracz, Pawel"]
[Black "Kuzmin, Gennadi P"]
[Result "1/2-1/2"]
[WhiteElo "2439"]
[BlackElo "2546"]
[Annotator "Smirin,I"]
[PlyCount "80"]
[EventDate "1999.03.??"]
[EventType "tourn"]
[EventRounds "9"]
[EventCountry "POL"]
[EventCategory "10"]
[SourceTitle "CBM 071"]
[Source "ChessBase"]
[SourceDate "1999.08.01"]
[SourceVersion "1"]
[SourceVersionDate "1999.08.01"]
[SourceQuality "1"]

1. e4 c5 2. Nf3 e6 3. Nc3 Nc6 4. Bb5 Nge7 5. O-O Qc7 6. Re1 Ng6 (6... a6 7.
Bxc6 Nxc6 8. d4 cxd4 9. Nxd4 Be7 10. Nxc6 bxc6 11. e5 O-O 12. Qg4 {[%cal Gc1h6]
} f5 $8 13. Qh5 Bb7 14. Bg5 Bxg5 15. Qxg5 f4 $6 (15... c5 $5 16. Rad1 Bc6 $132
{[%cal Ga8b8,Gb8b4]}) 16. Qe7 Rf5 17. Qc5 $14 {[%csl Rb7] Grigorian,A-Abishova,
A/EU-chJW U18 Zagan ,EXT 1995 (33)}) (6... d6 7. d4 cxd4 8. Nxd4 Bd7 9. Be3 a6
10. Ba4 (10. Bf1 $5 {[%cal Gg2g3]}) 10... Ng6 11. f4 Be7 12. f5 Nge5 13. fxe6
fxe6 14. Bb3 Nxd4 15. Bxd4 O-O $13 {Movsesian,M-Roj,M/CZE-chT2 1995 0-1 (36)})
7. Bxc6 dxc6 $6 {it was not nessesary to black to break their pawn structure
in the centre.} (7... bxc6 {looks more natural}) 8. e5 $14 {Double "c" pawns
and unclear future of the bishop c8 makes white position clearly better.} Be7
9. b3 (9. d3 $5 Bd7 10. Qe2 O-O-O 11. a4 f6 12. a5 Nxe5 13. Nxe5 fxe5 14. Qxe5
$6 (14. Ne4 $5 $14 {[%csl Rc5][%cal Gc1e3]}) 14... Bd6 15. Qh5 Rdf8 16. Ne4 Be7
17. Be3 Rf5 18. Qg4 $14 {Krupkova,P-Hajkova Maskova,J/Bohemia Chrudim ,EXT
1994 1-0(23)}) 9... O-O 10. Bb2 f5 11. exf6 Bxf6 $6 {[%csl Re6]} (11... gxf6
$142 12. Ne4 e5 $13) 12. Qe2 b6 13. Na4 (13. Qe4 $5 {defending from Nf4}) 13...
Qf7 14. Rf1 Bxb2 15. Nxb2 $14 {[%csl Rc5,Rc6,Rc8,Ge5,Re6][%cal Gb2c4,Gc4e5]} e5
$8 {The only possibility to get some counterplay.After} (15... Nf4 16. Qe4 Qd7
17. Nc4 Qd5 18. Rfe1 $16 {black finds himself in the troubles.}) 16. Nxe5 Nxe5
17. Qxe5 Bf5 18. d3 Rae8 19. Qg3 Re2 $132 20. Rac1 {[%cal Gb2c4,Gc4e3] In
arising position black has come couterplay for sacrificed pawn-activity of
their major pieses,but here is a question:How to prevent maneuvre Nb2-c4(d1)
-e3 with changing rook e2?} Be6 21. Nd1 Qf6 22. Ne3 Qc3 {[%csl Ge1]} 23. Qh4 $6
(23. Qc7 $142 Bd5 24. Qxa7 Re8 {[%cal Ge8e3]} 25. Nxd5 cxd5 26. Qxb6 $18) 23...
Bd5 24. Qg4 Rd2 25. Rcd1 Rxd1 26. Rxd1 h6 27. Qe2 Qb2 28. Qe1 (28. a4 $2 Bxb3
$15) 28... Kh7 (28... Qxa2 29. Ra1 Qb2 30. Rxa7 $16 {[%cal Ge1a1]}) 29. Rb1 Qd4
30. Qd2 $16 Rf6 31. c3 ({After simple} 31. Nxd5 cxd5 32. c3 $16 {[%cal Gb1e1]
white has just a pawn up.}) 31... Qf4 32. Qe2 Bf7 33. g3 Qe5 34. Qd2 Rd6 {
[%csl Rd3][%cal Gf7g6]} 35. Rd1 Qh5 36. d4 Bg6 37. Nc4 Rd5 38. Ne5 cxd4 39.
cxd4 c5 40. g4 Qg5 $132 1/2-1/2

[Event "RUS-chT 06th"]
[Site "St Petersburg"]
[Date "1999.05.18"]
[Round "3"]
[White "Hasangatin, Ramil"]
[Black "Kravtsov, Sergey"]
[Result "1-0"]
[WhiteElo "2458"]
[BlackElo "2438"]
[Annotator "Smirin,I"]
[PlyCount "119"]
[EventDate "1999.05.16"]
[EventType "team-tourn"]
[EventRounds "9"]
[EventCountry "RUS"]
[SourceTitle "EXT 2020"]
[Source "ChessBase"]
[SourceDate "2019.10.17"]
[SourceVersion "1"]
[SourceVersionDate "2019.10.17"]
[SourceQuality "1"]
[WhiteTeam "Kazan Sberbank-Tatarstan"]
[BlackTeam "Vladivostok DVGU"]
[WhiteTeamCountry "RUS"]
[BlackTeamCountry "RUS"]

1. e4 c5 2. Nf3 Nc6 3. Bb5 a6 4. Bxc6 bxc6 $6 (4... dxc6 {recomendation of A.
Alekhine.The idea of this strange move ( white anyway takes on c6 next move)
is to remain darksquare bishop on diagonal f8-a3 and not to close diagonal
c8-h3 after 4. ...e6.} 5. O-O Bg4 6. h3 Bh5 7. d3 Qc7 8. Be3 e5 9. Nbd2 Bd6 10.
a4 a5 11. Nc4 Ne7 12. c3 O-O 13. g4 Bg6 14. Qb3 $14 {[%csl Re7] Morozevich,
A-De la Villa Garcia,J/It 1998/1/2-1/2 (52)}) 5. O-O Nf6 {Another dubious
move-it was not nessesary to lose a few tempos in the opening.} (5... d6 6. b3
Bg4 7. Bb2 e5 8. c3 Bxf3 $6 9. Qxf3 Qf6 10. Qe2 Ne7 11. Rd1 Ng6 12. d4 Be7 13.
dxc5 dxc5 14. Nd2 $16 {[%csl Gc4,Rc5,Rc6] 1-0 Yudasin,L-Melero,J/Oviedo rapid
1993 (22)}) 6. e5 Nd5 7. c4 Nc7 (7... Nb6 $6 {[%csl Rb6]} 8. d4 cxd4 (8... Nxc4
9. dxc5 $16 {[%csl Rc4]}) 9. Qxd4 Bb7 10. Be3 Nc8 11. Nc3 $16 {1-0 Kozel,
R-Manukian,T/Yalta opJ ,EXT 1995 (26)}) 8. d4 cxd4 9. Qxd4 Ne6 10. Qh4 h6 {
Black has problems with development of the kingside:} (10... g6 11. Bh6 $16)
11. Nc3 g6 12. Re1 Bg7 13. Ne4 Qc7 14. Bd2 $14 Rb8 15. Bc3 c5 16. Rad1 Bb7 (
16... O-O 17. Qxe7 $18) {[%tqu "En","","","","e4d6","",10]} 17. Nd6+ $1 exd6 ({
Also after} 17... Kf8 18. Nxb7 Rxb7 19. Rd5 $16 {[%cal Ge1d1] white has a
visible advantage}) 18. exd6 Qd8 19. Bxg7 Bxf3 20. Qxd8+ Kxd8 21. Bxh8 Bxd1 22.
Rxd1 $16 {In arising endgame white has to choose next plan:1) To transfer the
bishop to e7 2) To move out the blacks knight from e6 after g4,f4-f5 3) To
open "h" file in case black plays g5 and to create another weakness on the
kingside.} Kc8 23. Bc3 Kb7 24. f3 {White step by step improves his position.}
Kc6 25. Kf2 Re8 26. Rd2 Nd8 27. Bf6 Ne6 28. g3 a5 29. Rd3 {[%csl Ra5][%cal
Gd3a3]} Rb8 30. Ra3 Ra8 31. Ra4 Kb6 (31... Kxd6 32. Bc3 $18 {[%cal Ga4a5]}) 32.
h4 h5 33. Ke3 {[%cal Gg3g4,Gf3f4,Gf4f5]} Nd8 {[%csl Rd6][%cal Gd8c6,Ya8e8,
Ye8e6]} 34. Ra3 Nb7 35. Be7 Kc6 36. Rd3 {[%cal Ge3f4,Gf4e5,Ge5f6]} a4 {Trying
to create counterplay on the queenside after Na5,Rb8-b4} 37. Kf4 Na5 38. Rc3 ({
More accurate was} 38. b3 $5 axb3 39. axb3 Rb8 40. Kg5 Rxb3 (40... Nxb3 41. Kf6
Na5 42. Kxf7 Nxc4 43. f4 $18 {[%cal Gf7g6]}) 41. Rxb3 Nxb3 42. Kf6 Nd2 43. Kxf7
Nxc4 44. Kxg6 Nxd6 45. g4 hxg4 46. fxg4 c4 47. h5 c3 48. h6 c2 49. Bg5 $18)
38... Rb8 39. Rc2 Rb4 40. Kg5 Rxc4 41. Rf2 Rc1 42. Kf6 Rg1 43. Kxf7 Rxg3 44.
Bg5 $18 {[%cal Gf7g6,Yf3f4,Yf4f5,Yf5f6]} Nc4 45. f4 Nxd6+ 46. Kxg6 Ne4 47. Rf1
Rg2 48. f5 Rxb2 49. f6 Nxf6 50. Rxf6+ Kb5 51. Rd6 {Rest of the game is matter
of technique.} Rxa2 52. Rxd7 a3 53. Kxh5 c4 54. Bf6 Rh2 55. Kg4 Rg2+ 56. Kf3
Rg6 57. Be5 Rb6 58. Ra7 Rh6 59. Kg4 Rg6+ 60. Kf4 1-0